000 00298nam a2200133Ia 4500
005 20251222140106.0
008 251222s1900||||xx |||||||||||||| ||spa||
082 _a922.21/P16/Ej.3
100 _aPaganuzzi, Quirino
245 0 _aPro Papa Pio
250 _a2a.ed.
264 _bOmicron
942 _cLIB
999 _c4110
_d4110